[Event "DEM U14w 2023"]
[Site "Willingen GER"]
[Date "2023.05.30"]
[Round "4"]
[White "Schwarzfischer, Julia"]
[Black "Richter, Johanna"]
[Result "1/2-1/2"]
[Termination "normal"]
[Board "5"]
[WhiteElo "1364"]
[BlackElo "1431"]
[WhiteClock "00:49:17"]
[BlackClock "00:10:56"]
[PlyCount "133"]
[WhiteFideId "16268105"]
[BlackFideId "16278925"]
[EventCountry "GER"]
[EventRounds "9"]
[EventType "swiss"]
[EventDate "2023.05.27"]

1. e4 {[%clk 01:30:57]} {[%emt 00:00:02]} c5 {[%clk 01:30:54]} {[%emt
00:00:07]} 2. Be2 {[%clk 01:31:20]} {[%emt 00:00:08]} Nc6 {[%clk 01:31:20]}
{[%emt 00:00:04]} 3. d3 {[%clk 01:31:42]} {[%emt 00:00:08]} e6 {[%clk
01:31:46]} {[%emt 00:00:04]} 4. f4 {[%clk 01:32:06]} {[%emt 00:00:05]} d5
{[%clk 01:32:11]} {[%emt 00:00:05]} 5. Nf3 {[%clk 01:32:31]} {[%emt 00:00:05]}
Bd6 {[%clk 01:32:30]} {[%emt 00:00:12]} 6. O-O {[%clk 01:32:49]} {[%emt
00:00:11]} Nge7 {[%clk 01:32:57]} {[%emt 00:00:03]} 7. c3 {[%clk 01:32:50]}
{[%emt 00:00:29]} O-O {[%clk 01:33:21]} {[%emt 00:00:06]} 8. Qe1 {[%clk
01:32:59]} {[%emt 00:00:22]} f6 {[%clk 01:33:31]} {[%emt 00:00:20]} 9. g3
{[%clk 01:32:58]} {[%emt 00:00:30]} a6 {[%clk 01:33:31]} {[%emt 00:00:31]} 10.
a4 {[%clk 01:33:15]} {[%emt 00:00:12]} Bd7 {[%clk 01:33:32]} {[%emt 00:00:29]}
11. Be3 {[%clk 01:33:13]} {[%emt 00:00:32]} Rc8 {[%clk 01:31:04]} {[%emt
00:02:58]} 12. Nbd2 {[%clk 01:31:57]} {[%emt 00:01:46]} Qc7 {[%clk 01:23:05]}
{[%emt 00:08:25]} 13. Qf2 {[%clk 01:29:48]} {[%emt 00:02:42]} Qb8 {[%clk
01:21:21]} {[%emt 00:02:15]} 14. Bxc5 {[%clk 01:27:50]} {[%emt 00:02:28]} Bxc5
{[%clk 01:04:03]} {[%emt 00:17:48]} 15. Qxc5 {[%clk 01:28:04]} {[%emt
00:00:16]} Rfe8 {[%clk 01:03:02]} {[%emt 00:01:31]} 16. Qf2 {[%clk 01:27:39]}
{[%emt 00:00:54]} Nd8 {[%clk 01:00:12]} {[%emt 00:02:53]} 17. Kh1 {[%clk
01:24:29]} {[%emt 00:04:08]} Nf7 {[%clk 01:00:28]} {[%emt 00:00:14]} 18. Nh4
{[%clk 01:22:55]} {[%emt 00:02:02]} Nh6 {[%clk 00:55:50]} {[%emt 00:05:08]} 19.
g4 {[%clk 01:21:06]} {[%emt 00:02:22]} dxe4 {[%clk 00:52:16]} {[%emt 00:04:02]}
20. Nxe4 {[%clk 01:17:17]} {[%emt 00:04:19]} Bc6 {[%clk 00:52:25]} {[%emt
00:00:22]} 21. Kg1 {[%clk 01:16:39]} {[%emt 00:01:08]} Rcd8 {[%clk 00:49:31]}
{[%emt 00:03:24]} 22. g5 {[%clk 01:15:00]} {[%emt 00:02:10]} fxg5 {[%clk
00:46:45]} {[%emt 00:03:15]} 23. fxg5 {[%clk 01:10:08]} {[%emt 00:05:22]} Rf8
{[%clk 00:40:27]} {[%emt 00:06:48]} 24. Nf6+ {[%clk 01:07:16]} {[%emt
00:03:23]} Kh8 {[%clk 00:32:09]} {[%emt 00:08:47]} 25. gxh6 {[%clk 01:07:29]}
{[%emt 00:00:17]} gxf6 {[%clk 00:32:29]} {[%emt 00:00:10]} 26. Ng2 {[%clk
01:01:50]} {[%emt 00:06:09]} Nf5 {[%clk 00:29:38]} {[%emt 00:03:20]} 27. Qf4
{[%clk 01:00:06]} {[%emt 00:02:15]} Rg8 {[%clk 00:27:00]} {[%emt 00:03:08]} 28.
Bg4 {[%clk 00:58:35]} {[%emt 00:02:00]} Qxf4 {[%clk 00:27:23]} {[%emt
00:00:08]} 29. Rxf4 {[%clk 00:58:52]} {[%emt 00:00:13]} Bxg2 {[%clk 00:27:36]}
{[%emt 00:00:17]} 30. Kxg2 {[%clk 00:58:40]} {[%emt 00:00:42]} Nxh6 {[%clk
00:27:14]} {[%emt 00:00:52]} 31. Kh3 {[%clk 00:58:09]} {[%emt 00:01:01]} Rxd3+
{[%clk 00:27:31]} {[%emt 00:00:12]} 32. Bf3 {[%clk 00:57:36]} {[%emt 00:01:03]}
Nf7 {[%clk 00:24:36]} {[%emt 00:03:26]} 33. Kh4 {[%clk 00:56:32]} {[%emt
00:01:34]} Ne5 {[%clk 00:21:58]} {[%emt 00:03:08]} 34. Bh5 {[%clk 00:55:21]}
{[%emt 00:01:41]} Ng6+ {[%clk 00:21:18]} {[%emt 00:01:10]} 35. Bxg6 {[%clk
00:55:41]} {[%emt 00:00:11]} Rxg6 {[%clk 00:21:46]} {[%emt 00:00:01]} 36. Rf2
{[%clk 00:53:03]} {[%emt 00:03:07]} Rd5 {[%clk 00:21:02]} {[%emt 00:01:15]} 37.
Raf1 {[%clk 00:53:00]} {[%emt 00:00:33]} f5 {[%clk 00:20:26]} {[%emt 00:01:06]}
38. Rf3 {[%clk 00:49:23]} {[%emt 00:04:07]} Rd2 {[%clk 00:18:21]} {[%emt
00:02:35]} 39. R1f2 {[%clk 00:46:13]} {[%emt 00:03:40]} Rxf2 {[%clk 00:17:34]}
{[%emt 00:01:17]} 40. Rxf2 {[%clk 00:46:38]} {[%emt 00:00:05]} Kg7 {[%clk
00:17:54]} {[%emt 00:00:10]} 41. b4 {[%clk 00:46:52]} {[%emt 00:00:16]} Kf6
{[%clk 00:18:05]} {[%emt 00:00:20]} 42. Re2 {[%clk 00:47:00]} {[%emt 00:00:21]}
e5 {[%clk 00:18:02]} {[%emt 00:00:33]} 43. b5 {[%clk 00:46:46]} {[%emt
00:00:44]} Rg4+ {[%clk 00:18:02]} {[%emt 00:00:29]} 44. Kh3 {[%clk 00:47:02]}
{[%emt 00:00:14]} Rxa4 {[%clk 00:18:26]} {[%emt 00:00:07]} 45. bxa6 {[%clk
00:47:19]} {[%emt 00:00:13]} bxa6 {[%clk 00:18:30]} {[%emt 00:00:26]} 46. Rb2
{[%clk 00:47:24]} {[%emt 00:00:24]} Ra3 {[%clk 00:18:23]} {[%emt 00:00:38]} 47.
Rc2 {[%clk 00:47:51]} {[%emt 00:00:03]} e4 {[%clk 00:18:14]} {[%emt 00:00:38]}
48. Kg3 {[%clk 00:47:58]} {[%emt 00:00:24]} Ke5 {[%clk 00:18:20]} {[%emt
00:00:24]} 49. h4 {[%clk 00:47:34]} {[%emt 00:00:53]} h5 {[%clk 00:18:41]}
{[%emt 00:00:09]} 50. Kg2 {[%clk 00:47:47]} {[%emt 00:00:17]} Ra5 {[%clk
00:19:06]} {[%emt 00:00:06]} 51. c4 {[%clk 00:48:07]} {[%emt 00:00:10]} Rc5
{[%clk 00:19:27]} {[%emt 00:00:09]} 52. Ra2 {[%clk 00:47:39]} {[%emt 00:00:58]}
a5 {[%clk 00:19:42]} {[%emt 00:00:15]} 53. Kf2 {[%clk 00:47:49]} {[%emt
00:00:19]} Rxc4 {[%clk 00:19:39]} {[%emt 00:00:33]} 54. Rxa5+ {[%emt 00:00:10]}
Kf4 {[%clk 00:20:03]} {[%emt 00:00:05]} 55. Kg2 {[%clk 00:48:10]} {[%emt
00:00:30]} e3 {[%clk 00:20:09]} {[%emt 00:00:24]} 56. Rb5 {[%clk 00:48:26]}
{[%emt 00:00:14]} Kg4 {[%clk 00:20:02]} {[%emt 00:00:37]} 57. Ra5 {[%clk
00:48:11]} {[%emt 00:00:45]} f4 {[%clk 00:20:12]} {[%emt 00:00:20]} 58. Rg5+
{[%clk 00:48:18]} {[%emt 00:00:23]} Kxh4 {[%clk 00:20:32]} {[%emt 00:00:09]}
59. Rg6 {[%clk 00:48:26]} {[%emt 00:00:23]} Rc5 {[%clk 00:20:28]} {[%emt
00:00:34]} 60. Kf3 {[%clk 00:48:42]} {[%emt 00:00:13]} Rg5 {[%clk 00:20:07]}
{[%emt 00:00:52]} 61. Rf6 {[%clk 00:48:54]} {[%emt 00:00:19]} Rg4 {[%clk
00:19:50]} {[%emt 00:00:46]} 62. Rf5 {[%clk 00:49:12]} {[%emt 00:00:12]} Kh3
{[%clk 00:17:52]} {[%emt 00:02:27]} 63. Rxh5 {[%clk 00:49:31]} {[%emt
00:00:12]} Rh4 {[%clk 00:18:19]} {[%emt 00:00:03]} 64. Rg5 {[%clk 00:49:41]}
{[%emt 00:00:19]} e2 {[%clk 00:15:56]} {[%emt 00:02:54]} 65. Rg1 {[%clk
00:48:48]} {[%emt 00:01:22]} e1=Q {[%clk 00:10:47]} {[%emt 00:05:40]} 66. Rxe1
{[%clk 00:49:11]} {[%emt 00:00:07]} Kh2 {[%clk 00:10:56]} {[%emt 00:00:21]} 67.
Re2+ {[%clk 00:49:17]} {[%emt 00:00:24]} 1/2-1/2

[Event "DEM U14w 2023"]
[Site "Willingen GER"]
[Date "2023.05.30"]
[Round "4"]
[White "Burlutskaia, Maria"]
[Black "Huber, Laura"]
[Result "1-0"]
[Termination "normal"]
[Board "6"]
[WhiteElo "1510"]
[BlackElo "1388"]
[WhiteClock "00:12:07"]
[BlackClock "00:10:33"]
[PlyCount "69"]
[WhiteFideId "34607137"]
[BlackFideId "16270940"]
[EventCountry "GER"]
[EventRounds "9"]
[EventType "swiss"]
[EventDate "2023.05.27"]

1. e4 {[%clk 01:30:59]} e5 {[%clk 01:30:57]} {[%emt 00:00:04]} 2. Nf3 {[%clk
01:31:22]} {[%emt 00:00:07]} Nf6 {[%clk 01:31:23]} {[%emt 00:00:03]} 3. d3
{[%clk 01:26:16]} {[%emt 00:05:36]} d6 {[%clk 01:21:17]} {[%emt 00:10:37]} 4.
Nc3 {[%clk 01:26:24]} {[%emt 00:00:22]} Nc6 {[%clk 01:21:26]} {[%emt 00:00:21]}
5. Bg5 {[%clk 01:25:27]} {[%emt 00:01:27]} Be7 {[%clk 01:21:29]} {[%emt
00:00:27]} 6. Be2 {[%clk 01:25:41]} {[%emt 00:00:16]} Be6 {[%clk 01:17:33]}
{[%emt 00:04:27]} 7. d4 {[%clk 01:18:33]} {[%emt 00:07:37]} exd4 {[%clk
01:15:01]} {[%emt 00:03:01]} 8. Nxd4 {[%clk 01:17:47]} {[%emt 00:01:16]} Nxd4
{[%clk 01:08:14]} {[%emt 00:07:18]} 9. Qxd4 {[%clk 01:17:56]} {[%emt 00:00:20]}
h6 {[%clk 01:03:42]} {[%emt 00:05:02]} 10. Be3 {[%clk 01:17:10]} {[%emt
00:01:16]} c5 {[%clk 00:57:44]} {[%emt 00:06:28]} 11. Bb5+ {[%clk 01:14:18]}
{[%emt 00:03:22]} Bd7 {[%clk 00:55:58]} {[%emt 00:02:17]} 12. Qd3 {[%clk
01:14:05]} {[%emt 00:00:42]} Bc6 {[%clk 00:47:51]} {[%emt 00:08:38]} 13. Bxc6+
{[%clk 01:09:16]} {[%emt 00:05:19]} bxc6 {[%clk 00:48:20]} {[%emt 00:00:01]}
14. Rd1 {[%clk 01:07:45]} {[%emt 00:02:00]} Rb8 {[%clk 00:45:26]} {[%emt
00:03:25]} 15. b3 {[%clk 01:01:48]} {[%emt 00:06:27]} Qa5 {[%clk 00:43:51]}
{[%emt 00:02:04]} 16. O-O {[%clk 00:56:38]} {[%emt 00:05:40]} Rd8 {[%clk
00:41:10]} {[%emt 00:03:12]} 17. Na4 {[%clk 00:50:30]} {[%emt 00:06:37]} d5
{[%clk 00:39:16]} {[%emt 00:02:24]} 18. e5 {[%clk 00:50:05]} {[%emt 00:00:55]}
Nd7 {[%clk 00:36:29]} {[%emt 00:03:17]} 19. Qf5 {[%clk 00:44:36]} {[%emt
00:05:59]} O-O {[%clk 00:36:15]} {[%emt 00:00:44]} 20. f4 {[%clk 00:42:07]}
{[%emt 00:02:58]} Nb6 {[%clk 00:34:09]} {[%emt 00:02:37]} 21. Bd2 {[%clk
00:38:25]} {[%emt 00:04:12]} Qa6 {[%clk 00:34:02]} {[%emt 00:00:37]} 22. Nc3
{[%clk 00:25:17]} {[%emt 00:13:38]} Qc8 {[%clk 00:32:22]} {[%emt 00:02:11]} 23.
Qd3 {[%clk 00:20:44]} {[%emt 00:05:02]} c4 {[%clk 00:26:01]} {[%emt 00:06:51]}
24. Qg3 {[%clk 00:20:28]} {[%emt 00:00:45]} d4 {[%clk 00:21:24]} {[%emt
00:05:08]} 25. f5 {[%clk 00:14:18]} {[%emt 00:06:40]} Kh7 {[%clk 00:13:52]}
{[%emt 00:08:02]} 26. f6 {[%clk 00:11:28]} {[%emt 00:03:21]} gxf6 {[%clk
00:13:27]} {[%emt 00:00:53]} 27. exf6 {[%clk 00:11:06]} {[%emt 00:00:53]} Rg8
{[%clk 00:13:05]} {[%emt 00:00:52]} 28. Qh4 {[%clk 00:11:07]} {[%emt 00:00:29]}
Rg6 {[%clk 00:12:52]} {[%emt 00:00:42]} 29. fxe7 {[%clk 00:10:50]} {[%emt
00:00:47]} Rdg8 {[%clk 00:11:59]} {[%emt 00:01:24]} 30. Rxf7+ {[%clk 00:11:13]}
{[%emt 00:00:07]} R8g7 {[%clk 00:09:51]} {[%emt 00:02:38]} 31. Rxg7+ {[%clk
00:11:17]} {[%emt 00:00:26]} Kxg7 {[%clk 00:10:19]} {[%emt 00:00:02]} 32. Qxd4+
{[%clk 00:11:32]} {[%emt 00:00:14]} Kh7 {[%clk 00:10:31]} {[%emt 00:00:18]} 33.
Ne4 {[%clk 00:11:26]} {[%emt 00:00:37]} Qg4 {[%clk 00:10:38]} {[%emt 00:00:23]}
34. Nf6+ {[%clk 00:11:44]} {[%emt 00:00:11]} Rxf6 {[%clk 00:10:33]} {[%emt
00:00:35]} 35. Qxg4 {[%clk 00:12:07]} {[%emt 00:00:08]} 1-0

[Event "DEM U14w 2023"]
[Site "Willingen GER"]
[Date "2023.05.30"]
[Round "4"]
[White "Neininger, Sarah"]
[Black "Hoffmann, Svenja"]
[Result "1-0"]
[Termination "normal"]
[Board "7"]
[WhiteElo "1512"]
[BlackElo "1491"]
[WhiteClock "00:53:17"]
[BlackClock "00:42:30"]
[PlyCount "80"]
[WhiteFideId "16287410"]
[BlackFideId "16287312"]
[EventCountry "GER"]
[EventRounds "9"]
[EventType "swiss"]
[EventDate "2023.05.27"]

1. e4 {[%clk 01:30:57]} {[%emt 00:00:03]} e5 {[%clk 01:30:52]} {[%emt
00:00:08]} 2. Nf3 {[%clk 01:31:21]} {[%emt 00:00:07]} Nc6 {[%clk 01:31:15]}
{[%emt 00:00:08]} 3. Bc4 {[%clk 01:31:43]} {[%emt 00:00:07]} Bc5 {[%clk
01:31:35]} {[%emt 00:00:10]} 4. c3 {[%clk 01:32:06]} {[%emt 00:00:07]} Nf6
{[%clk 01:31:58]} {[%emt 00:00:07]} 5. d4 {[%clk 01:32:30]} {[%emt 00:00:05]}
exd4 {[%clk 01:32:21]} {[%emt 00:00:09]} 6. cxd4 {[%clk 01:32:54]} {[%emt
00:00:06]} Bb4+ {[%clk 01:32:33]} {[%emt 00:00:17]} 7. Kf1 {[%clk 01:33:11]}
{[%emt 00:00:13]} d5 {[%clk 01:27:40]} {[%emt 00:05:24]} 8. exd5 {[%clk
01:31:31]} {[%emt 00:02:09]} Nxd5 {[%clk 01:27:10]} {[%emt 00:01:00]} 9. Nc3
{[%clk 01:31:32]} {[%emt 00:00:28]} Be6 {[%clk 01:25:00]} {[%emt 00:02:41]} 10.
Nxd5 {[%clk 01:31:42]} {[%emt 00:00:20]} Bxd5 {[%clk 01:24:35]} {[%emt
00:00:55]} 11. Qb3 {[%clk 01:31:20]} {[%emt 00:00:52]} Bxc4+ {[%clk 01:24:14]}
{[%emt 00:00:51]} 12. Qxc4 {[%clk 01:31:42]} {[%emt 00:00:08]} Qe7 {[%clk
01:23:19]} {[%emt 00:01:25]} 13. Be3 {[%clk 01:29:43]} {[%emt 00:02:28]} O-O-O
{[%clk 01:17:45]} {[%emt 00:06:05]} 14. g3 {[%clk 01:24:16]} {[%emt 00:05:57]}
f6 {[%clk 01:13:32]} {[%emt 00:04:42]} 15. Kg2 {[%clk 01:22:08]} {[%emt
00:02:38]} g5 {[%clk 01:13:33]} {[%emt 00:00:30]} 16. d5 {[%clk 01:14:52]}
{[%emt 00:07:45]} Na5 {[%clk 01:12:36]} {[%emt 00:01:28]} 17. Qg4+ {[%clk
01:14:54]} {[%emt 00:00:20]} Kb8 {[%clk 01:12:41]} {[%emt 00:00:33]} 18. a3
{[%clk 01:14:52]} {[%emt 00:00:33]} Bd6 {[%clk 01:11:21]} {[%emt 00:01:49]} 19.
b4 {[%clk 01:15:01]} {[%emt 00:00:22]} h5 {[%clk 00:47:07]} {[%emt 00:24:43]}
20. Qd4 {[%clk 01:05:42]} {[%emt 00:09:44]} b6 {[%clk 00:44:31]} {[%emt
00:03:11]} 21. bxa5 {[%clk 01:01:23]} {[%emt 00:04:49]} Bc5 {[%clk 00:44:06]}
{[%emt 00:00:56]} 22. Qd3 {[%clk 01:00:51]} {[%emt 00:00:55]} c6 {[%clk
00:43:24]} {[%emt 00:01:18]} 23. Bxc5 {[%clk 00:58:06]} {[%emt 00:03:15]} Qxc5
{[%clk 00:43:31]} {[%emt 00:00:23]} 24. axb6 {[%clk 00:54:17]} {[%emt
00:04:19]} Rxd5 {[%clk 00:42:35]} {[%emt 00:01:26]} 25. bxa7+ {[%clk 00:54:38]}
{[%emt 00:00:09]} Qxa7 {[%clk 00:42:05]} {[%emt 00:00:59]} 26. Rab1+ {[%clk
00:54:35]} {[%emt 00:00:34]} Kc7 {[%clk 00:42:22]} {[%emt 00:00:14]} 27. Qc3
{[%clk 00:51:09]} {[%emt 00:03:55]} Rf5 {[%clk 00:42:01]} {[%emt 00:00:51]} 28.
Nd4 {[%clk 00:49:42]} {[%emt 00:01:57]} Rc5 {[%clk 00:41:12]} {[%emt 00:01:19]}
29. Ne6+ {[%clk 00:49:58]} {[%emt 00:00:14]} Kd6 {[%clk 00:41:34]} {[%emt
00:00:08]} 30. Qxc5+ {[%clk 00:50:10]} {[%emt 00:00:17]} Qxc5 {[%clk 00:41:56]}
{[%emt 00:00:09]} 31. Nxc5 {[%clk 00:50:36]} {[%emt 00:00:04]} Kxc5 {[%clk
00:42:21]} {[%emt 00:00:06]} 32. Rhc1+ {[%clk 00:50:57]} {[%emt 00:00:08]} Kd6
{[%clk 00:42:43]} {[%emt 00:00:08]} 33. a4 {[%clk 00:51:17]} {[%emt 00:00:10]}
h4 {[%clk 00:43:00]} {[%emt 00:00:13]} 34. a5 {[%clk 00:51:28]} {[%emt
00:00:19]} hxg3 {[%clk 00:43:19]} {[%emt 00:00:11]} 35. hxg3 {[%clk 00:51:42]}
{[%emt 00:00:16]} Ra8 {[%clk 00:43:41]} {[%emt 00:00:08]} 36. Ra1 {[%clk
00:52:04]} {[%emt 00:00:08]} Ra6 {[%clk 00:44:05]} {[%emt 00:00:07]} 37. Rcb1
{[%clk 00:52:19]} {[%emt 00:00:14]} Kc7 {[%clk 00:44:19]} {[%emt 00:00:16]} 38.
Rb6 {[%clk 00:52:35]} {[%emt 00:00:14]} Rxa5 {[%clk 00:42:14]} {[%emt
00:02:35]} 39. Rxc6+ {[%clk 00:52:53]} {[%emt 00:00:12]} Kxc6 {[%clk 00:42:30]}
{[%emt 00:00:14]} 40. Rxa5 {[%clk 00:53:17]} {[%emt 00:00:06]} Kd5 {[%emt
00:00:55]} 1-0

[Event "DEM U14w 2023"]
[Site "Willingen GER"]
[Date "2023.05.30"]
[Round "4"]
[White "Bauer, Laura Sophie"]
[Black "Vogt, Luna"]
[Result "1-0"]
[Termination "normal"]
[Board "8"]
[WhiteElo "1627"]
[BlackElo "1345"]
[WhiteClock "00:37:40"]
[BlackClock "00:17:12"]
[PlyCount "59"]
[WhiteFideId "16253647"]
[BlackFideId "34607153"]
[EventCountry "GER"]
[EventRounds "9"]
[EventType "swiss"]
[EventDate "2023.05.27"]

1. e4 {[%clk 01:30:57]} {[%emt 00:00:02]} e5 {[%clk 01:30:55]} {[%emt
00:00:05]} 2. Nf3 {[%clk 01:31:22]} {[%emt 00:00:05]} Nc6 {[%clk 01:31:18]}
{[%emt 00:00:08]} 3. Bb5 {[%clk 01:31:46]} {[%emt 00:00:06]} Nge7 {[%clk
01:31:32]} {[%emt 00:00:16]} 4. O-O {[%clk 01:31:50]} {[%emt 00:00:26]} g6
{[%clk 01:31:28]} {[%emt 00:00:35]} 5. d4 {[%clk 01:31:59]} {[%emt 00:00:20]}
exd4 {[%clk 01:30:43]} {[%emt 00:01:15]} 6. Nxd4 {[%clk 01:32:17]} {[%emt
00:00:12]} Bg7 {[%clk 01:30:48]} {[%emt 00:00:24]} 7. c3 {[%clk 01:32:23]}
{[%emt 00:00:25]} O-O {[%clk 01:30:51]} {[%emt 00:00:27]} 8. Bg5 {[%clk
01:32:17]} {[%emt 00:00:35]} Qe8 {[%clk 01:26:26]} {[%emt 00:04:56]} 9. Re1
{[%clk 01:31:07]} {[%emt 00:01:39]} d6 {[%clk 01:24:13]} {[%emt 00:02:45]} 10.
Bxe7 {[%clk 01:27:31]} {[%emt 00:04:06]} Qxe7 {[%clk 01:23:24]} {[%emt
00:01:18]} 11. Nxc6 {[%clk 01:27:19]} {[%emt 00:00:41]} bxc6 {[%clk 01:23:35]}
{[%emt 00:00:20]} 12. Bxc6 {[%clk 01:27:42]} {[%emt 00:00:07]} Rb8 {[%clk
01:23:59]} {[%emt 00:00:06]} 13. Qc2 {[%clk 01:27:10]} {[%emt 00:01:02]} Rb6
{[%clk 01:21:36]} {[%emt 00:02:53]} 14. Bd5 {[%clk 01:26:48]} {[%emt 00:00:52]}
Ba6 {[%clk 01:14:59]} {[%emt 00:07:08]} 15. Nd2 {[%clk 01:23:22]} {[%emt
00:03:55]} Rfb8 {[%clk 01:11:57]} {[%emt 00:03:31]} 16. Rab1 {[%clk 01:21:27]}
{[%emt 00:02:26]} c6 {[%clk 01:06:11]} {[%emt 00:06:16]} 17. Bb3 {[%clk
01:21:18]} {[%emt 00:00:39]} Re8 {[%clk 00:59:47]} {[%emt 00:06:54]} 18. Nf3
{[%clk 01:17:18]} {[%emt 00:04:30]} Qc7 {[%clk 00:53:34]} {[%emt 00:06:43]} 19.
Rbd1 {[%clk 01:09:43]} {[%emt 00:08:04]} Reb8 {[%clk 00:43:22]} {[%emt
00:10:43]} 20. Ng5 {[%clk 01:06:48]} {[%emt 00:03:24]} Rf8 {[%clk 00:38:25]}
{[%emt 00:05:28]} 21. Nf3 {[%clk 01:01:20]} {[%emt 00:05:57]} Rfb8 {[%clk
00:38:34]} {[%emt 00:00:22]} 22. Rb1 {[%clk 01:00:59]} {[%emt 00:00:51]} Rc8
{[%clk 00:31:18]} {[%emt 00:07:46]} 23. Nd2 {[%clk 00:59:31]} {[%emt 00:01:57]}
Be5 {[%clk 00:28:45]} {[%emt 00:03:03]} 24. h3 {[%clk 00:57:44]} {[%emt
00:02:17]} Bg7 {[%clk 00:26:19]} {[%emt 00:02:57]} 25. Bc4 {[%clk 00:52:36]}
{[%emt 00:05:37]} Bb7 {[%clk 00:23:52]} {[%emt 00:02:58]} 26. Be2 {[%clk
00:42:57]} {[%emt 00:10:09]} d5 {[%clk 00:19:44]} {[%emt 00:04:38]} 27. Rbd1
{[%clk 00:41:42]} {[%emt 00:01:44]} Ba8 {[%clk 00:19:08]} {[%emt 00:01:06]} 28.
Bf3 {[%clk 00:39:26]} {[%emt 00:02:46]} d4 {[%clk 00:16:51]} {[%emt 00:02:48]}
29. cxd4 {[%clk 00:37:38]} {[%emt 00:02:18]} Bxd4 {[%clk 00:17:12]} {[%emt
00:00:08]} 30. Nc4 {[%clk 00:37:40]} {[%emt 00:00:28]} 1-0

[Event "DEM U14w 2023"]
[Site "Willingen GER"]
[Date "2023.05.30"]
[Round "4"]
[White "Chandrasekher, Ritu"]
[Black "Oellrich, Emma"]
[Result "1/2-1/2"]
[Termination "normal"]
[Board "9"]
[WhiteElo "1268"]
[BlackElo "1525"]
[WhiteClock "00:52:00"]
[BlackClock "00:51:55"]
[PlyCount "55"]
[WhiteFideId "34609024"]
[BlackFideId "16268806"]
[EventCountry "GER"]
[EventRounds "9"]
[EventType "swiss"]
[EventDate "2023.05.27"]

1. d4 {[%clk 01:30:55]} {[%emt 00:00:05]} Nf6 {[%clk 01:30:51]} {[%emt
00:00:10]} 2. Bf4 {[%clk 01:31:14]} {[%emt 00:00:11]} d5 {[%clk 01:31:13]}
{[%emt 00:00:08]} 3. e3 {[%clk 01:31:28]} {[%emt 00:00:16]} e6 {[%clk
01:31:39]} {[%emt 00:00:04]} 4. Nd2 {[%clk 01:31:40]} {[%emt 00:00:18]} Bd6
{[%clk 01:31:59]} {[%emt 00:00:10]} 5. Bg3 {[%clk 01:31:42]} {[%emt 00:00:27]}
O-O {[%clk 01:32:20]} {[%emt 00:00:11]} 6. Bd3 {[%clk 01:31:35]} {[%emt
00:00:35]} c5 {[%clk 01:32:37]} {[%emt 00:00:14]} 7. c3 {[%clk 01:31:35]}
{[%emt 00:00:30]} Qc7 {[%clk 01:32:54]} {[%emt 00:00:12]} 8. Ngf3 {[%clk
01:31:31]} {[%emt 00:00:34]} Nbd7 {[%clk 01:32:56]} {[%emt 00:00:28]} 9. O-O
{[%clk 01:31:22]} {[%emt 00:00:39]} Bxg3 {[%clk 01:32:55]} {[%emt 00:00:32]}
10. hxg3 {[%clk 01:31:30]} {[%emt 00:00:21]} e5 {[%clk 01:32:09]} {[%emt
00:01:17]} 11. dxe5 {[%clk 01:30:46]} {[%emt 00:01:13]} Nxe5 {[%clk 01:32:32]}
{[%emt 00:00:08]} 12. Nxe5 {[%clk 01:29:29]} {[%emt 00:01:47]} Qxe5 {[%clk
01:32:54]} {[%emt 00:00:08]} 13. Nf3 {[%clk 01:29:06]} {[%emt 00:00:52]} Qe7
{[%clk 01:32:23]} {[%emt 00:01:02]} 14. Qc2 {[%clk 01:24:34]} {[%emt 00:05:01]}
b6 {[%clk 01:23:49]} {[%emt 00:09:05]} 15. Ng5 {[%clk 01:19:25]} {[%emt
00:05:38]} h6 {[%clk 01:21:45]} {[%emt 00:02:35]} 16. Nh7 {[%clk 01:17:19]}
{[%emt 00:02:35]} Nxh7 {[%clk 01:21:02]} {[%emt 00:01:13]} 17. Bxh7+ {[%clk
01:17:28]} {[%emt 00:00:22]} Kh8 {[%clk 01:21:20]} {[%emt 00:00:12]} 18. Bf5
{[%clk 01:16:39]} {[%emt 00:01:19]} Bxf5 {[%clk 01:18:29]} {[%emt 00:03:21]}
19. Qxf5 {[%clk 01:16:54]} {[%emt 00:00:14]} Rad8 {[%clk 01:17:49]} {[%emt
00:01:10]} 20. Rad1 {[%clk 01:15:17]} {[%emt 00:02:06]} Qe6 {[%clk 01:16:20]}
{[%emt 00:01:59]} 21. Qf3 {[%clk 01:10:45]} {[%emt 00:05:02]} Rd6 {[%clk
01:11:34]} {[%emt 00:05:17]} 22. Rd3 {[%clk 01:09:08]} {[%emt 00:02:07]} Rfd8
{[%clk 01:10:41]} {[%emt 00:01:23]} 23. Rfd1 {[%clk 01:08:28]} {[%emt
00:01:10]} Kg8 {[%clk 01:07:30]} {[%emt 00:03:41]} 24. Qf4 {[%clk 01:06:39]}
{[%emt 00:02:19]} R6d7 {[%clk 01:04:17]} {[%emt 00:03:43]} 25. Qa4 {[%clk
01:02:27]} {[%emt 00:04:42]} Qf6 {[%clk 01:02:28]} {[%emt 00:02:11]} 26. e4
{[%clk 00:55:55]} {[%emt 00:07:10]} d4 {[%clk 00:59:18]} {[%emt 00:03:40]} 27.
c4 {[%clk 00:53:51]} {[%emt 00:02:34]} Qe5 {[%clk 00:51:55]} {[%emt 00:07:52]}
28. Re1 {[%clk 00:52:00]} {[%emt 00:02:20]} 1/2-1/2